| 000 | 00795nam a2200265 a 4500 | ||
|---|---|---|---|
| 008 | |||
| 020 | _a0133591344 (hbk.) | ||
| 020 | _a0132971860 (pbk.) | ||
| 049 | _aMAIN | ||
| 090 | _aHF1416 | ||
| 100 | 1 | _aKeegan, Warren J. | |
| 245 | 1 | 0 |
_aGlobal marketing management / _cWarren J. Keegan. |
| 250 | _a5th ed. | ||
| 260 |
_aEnglewood Cliffs, N.J. : _bPrentice Hall, _cc1995. |
||
| 300 |
_axix, 828 p. : _bill. ; _c24 cm. |
||
| 504 | _aIncludes bibliographical references. | ||
| 500 | _aIncludes index. | ||
| 650 | 0 |
_aExport marketing _xManagement. |
|
| 650 | 0 |
_aExport marketing _xManagement _xCase studies. |
|
| 907 |
_a.b10076220 _b22-02-06 _c03-06-03 |
||
| 003 | |||
| 005 | 20230123134155.0 | ||
| 040 | _cNUST | ||
| 942 |
_cBOOKS _kHF1416 |
||
| 999 |
_c161314 _d161314 |
||